| 000 | 00894nam a2200229 a 4500 | ||
|---|---|---|---|
| 999 |
_c9384 _d9384 |
||
| 001 | 9384 | ||
| 003 | BD-JhCC | ||
| 005 | 20180527100021.0 | ||
| 008 | 180313s19761982bg |||| ||a| 001 0 b d | ||
| 035 | _a(BD-JhCC)9384 | ||
| 040 |
_aBD-JhCC _dBD-JhCC |
||
| 041 | _aben | ||
| 082 |
_a541 _bBIS 1976 |
||
| 100 | _aপালিত, শান্তিরঞ্জন । | ||
| 245 |
_aপ্রাথমিক ভৌত রসায়ন / _cঅধ্যাপক শান্তিরঞ্জন পালিত, দিলীপ কুমার বিশ্বাস (অনু.) |
||
| 260 |
_aকলিকাতা : _bবুক সিন্ডিকেট প্রাইভেট লিমিটেড; _c1976. |
||
| 300 |
_a618(vi) p. : _c21 cm. |
||
| 651 | _aPhysical chemistry. | ||
| 700 | _aবিশ্বাস,দিলীপ কুমার | ||
| 942 |
_2ddc _cBK |
||